| 000 | 00545nam a2200157Ia 4500 | ||
|---|---|---|---|
| 008 | 151213s9999 xx 000 0 und d | ||
| 020 | _a984-837217-2 | ||
| 100 | _aমোবাশের আল্ ী | ||
| 245 |
_aশেলী : জীবন ও সাহিত্যকৃতি। _cমোবাশের আল্ ী |
||
| 250 | _a৩য় সং | ||
| 260 |
_aঢাকা _bকাকলী প্রকাশনী। _c2001 |
||
| 300 | _a4475 p. | ||
| 650 | _aReference | ||
| 700 | _aমোবাশের আল্ ী | ||
| 999 |
_c2850 _d2850 |
||